000 01177nam a2200265Ia 4500
999 _c4895
_d4895
003 OSt
005 20200513154352.0
008 191128s1988 ck ad gr 000 0 spa d
020 _a9586018091
040 _aCO-JMCR
_cCO-JMCR
041 0 _aspa
082 0 4 _a307.72 /
_bB982e
_223
100 1 _aBustamante, Darío,
_eautor
_94311
245 1 0 _aExpedición a la diversidad biológica y cultural :
_b hacia el conocimiento y la innovación partiendo de lo rural /
_cDarío Bustamante
250 _aPrimera edición
260 _aBogotá :
_bIica, TM,
_c1998
300 _ax, 142 páginas :
_b tablas, gráficos ;
_c23 cm.
490 0 _aMisión Rural ;
_v5
505 _aDiagnóstico -- Propuestas y recomendaciones -- Seminario sobre ciencia y tecnología
520 _aEn el marco de los objetivos de la Misión rural de mejorar las condiciones de vida y el bienestar de la población rural, de dinamizar su economía y aumentar su contribución al desarrollo nacional, se ha considerado necesario mejorar para la población rura
650 1 4 _aDesarrollo rural
_94224
650 2 4 _aSociología rural
_94312
650 2 4 _aDiversidad biológica
_94313
942 _2ddc
_cBK